| 000 | 00917cam a2200265 a 4500 | ||
|---|---|---|---|
| 003 | OSt | ||
| 005 | 20151011173312.0 | ||
| 008 | 030411s2014 nyua f 001 0 eng | ||
| 020 | _a9781285091082 | ||
| 040 | _aMa-Un | ||
| 082 | 0 | 0 |
_222 _a515 _bA H C |
| 100 | 1 |
_aLarson, Ron _918131 |
|
| 245 | 1 | 0 |
_aCalculus / _cRon larson. |
| 246 | 1 | 8 | _aCalculus early transcendentals |
| 246 | 1 |
_iTitle on container: _aCalculus early transcendentals study skills version |
|
| 250 | _a10th ed. | ||
| 260 |
_aNew York : _bJohn Wiley & Sons, _c2014. |
||
| 300 |
_a1 v. (various pagings) : _bill. (some col.) ; _c27 cm. |
||
| 500 | _aIncludes index. | ||
| 650 | 0 |
_aCalculus _951808 |
|
| 700 | 1 |
_aDavis, Stephen, _d1952- _94534 |
|
| 700 | 1 |
_aBivens, Irl. _94533 |
|
| 942 |
_2ddc _cBOOK |
||
| 999 |
_c38311 _d272811 |
||